| 000 | 00602nam a2200193Ia 4500 | ||
|---|---|---|---|
| 003 | GCL | ||
| 008 | 140319s9999 xx 000 0 ara d | ||
| 040 |
_aGCL / _cGCL |
||
| 082 | 0 | 4 |
_aع _b539.2 _bع ا |
| 100 | 1 | _aعلى احمد اللقانى | |
| 245 | 1 | 0 |
_aالاشعاع النووى : فوائدة واضرارة / _cعلى احمد اللقانى |
| 260 |
_a[S.N] : _bدار الفكر العربى ، _c1987 |
||
| 300 | _a960 ص | ||
| 490 | _a | ||
| 650 | 0 | 4 | _aالاشعاع |
| 650 | 0 | 4 | _aالاشعاع النووى |
| 650 | 0 | 4 | _aالاشعة فوق البنفسجية |
| 942 |
_2ddc _cBK |
||
| 999 |
_c30361 _d30361 |
||